Every Trait in CKIII - Statistics

General Stats
  • This quiz has been taken 10 times
  • The average score is 54 of 275
Answer Stats
Trait % Correct
Zealous
100%
Lazy
83%
Beautiful
67%
Brave
67%
Callous
67%
Chaste
67%
Craven
67%
Deceitful
67%
Diligent
67%
Greedy
67%
Humble
67%
Just
67%
Loyal
67%
Lustful
67%
Sadistic
67%
Strong
67%
Ugly
67%
Administrator
50%
Amazonian/Herculean
50%
Ambitious
50%
Architect
50%
Athletic
50%
August
50%
Calm
50%
Content
50%
Diplomat
50%
Disloyal
50%
Generous
50%
Genius
50%
Giant
50%
Hale
50%
Intelligent
50%
Measles
50%
Physician
50%
Reckless
50%
Seducer/Seductress
50%
Shy
50%
Albino
33%
Arbitrary
33%
Arrogant
33%
Avaricious
33%
Bastard
33%
Cancer
33%
Comely
33%
Compassionate
33%
Consumption
33%
Cynical
33%
Defender
33%
Delicate
33%
Desert Warrior
33%
Drunkard
33%
Dwarf
33%
Exalted Warlord
33%
Forder
33%
Forgiving
33%
Gallant
33%
Gardener
33%
Gluttonous
33%
Gregarious
33%
Herbalist
33%
Honest
33%
Hunchbacked
33%
Hunter
33%
Impatient
33%
Inbred
33%
Incestuous
33%
Infirm
33%
Lover's Pox
33%
Paranoid
33%
Patient
33%
Patriarch/Matriarch
33%
Pilgrim
33%
Pretty/Handsome
33%
Pure-blooded
33%
Quick
33%
Raider
33%
Sayyid
33%
Scaly
33%
Scarred
33%
Schemer
33%
Shieldmaiden/Shieldswain
33%
Sickly
33%
Smallpox
33%
Sodomite
33%
Strategist
33%
Stubborn
33%
Stupid
33%
Temperate
33%
Theologian
33%
Torturer
33%
Traveler
33%
Trusting
33%
Vengeful
33%
Weak
33%
Witch
33%
Wounded
33%
Adulterer
17%
Aggressive Attacker
17%
Berserker
17%
Blademaster
17%
Bossy
17%
Brilliant Strategist
17%
Cannibal
17%
Cautious Leader
17%
Celibate
17%
Conqueror
17%
Crusader
17%
Curious
17%
Detractor of the Caliphate
17%
Diplomatic
17%
Disputed Heritage
17%
Eccentric
17%
Fecund
17%
Feeble
17%
Fickle
17%
Flagellant
17%
Flexible Leader
17%
Forest Fighter
17%
Fornicator
17%
Golden Sovereign
17%
Greatest of Khans
17%
Grey Eminence
17%
Hajji
17%
Hastiluder
17%
Hideous
17%
Holy Fire
17%
Holy Monarch
17%
Homely
17%
Ill
17%
Incapable
17%
Intricate Webweaver
17%
Intrigue
17%
Journaller
17%
Jungle Stalker
17%
Kinslayer
17%
Legitimized Bastard
17%
Logistician
17%
Lunatic
17%
Maimed
17%
Midas Touched
17%
Military Engineer
17%
Misguided Warrior
17%
Murderer
17%
One-Eyed
17%
Organizer
17%
Overseer
17%
Peasant Leader
17%
Pensive
17%
Poet
17%
Possessed
17%
Pregnant
17%
Rakish
17%
Reveler
17%
Robust
17%
Rough Terrain Expert
17%
Rowdy
17%
Scholar
17%
Shrewd
17%
Skilled Tactician
17%
Slow
17%
Spindly
17%
Sterile/Infertile
17%
Tough Soldier
17%
Voyager
17%
Warlike
17%
Wayfarer
17%
Whole of Body
17%
Wild Oat
17%
Winter Soldier
17%
Accused if Decadence
0%
Adequate Bargainer
0%
Administrative
0%
Adventurer
0%
Amateurish Plotter
0%
Astute Intellectual
0%
Augustus
0%
Bastard Founder
0%
Beardless Eunuch
0%
Bleeder
0%
Blind
0%
Bloody Flux
0%
Born in the Purple
0%
Brutally Mauled
0%
Bubonic Plague
0%
Bumbling Squire
0%
Campeador
0%
Chakravarti
0%
Charioteer
0%
Charismatic Negotiator
0%
Charming
0%
Child of Concubine
0%
Club-footed
0%
Comfort Eater
0%
Confident Knight
0%
Confider
0%
Conniving Puppetmaster
0%
Conscientious Scribe
0%
Contrite
0%
Denounced
0%
Despoiler of Byzantium
0%
Deviant
0%
Devoted
0%
Disfigured
0%
Disinherited
0%
Dull
0%
Dynastic Kinslayer
0%
Elusive Shadow
0%
Erudite Oracle
0%
Eunuch
0%
Excommunicated
0%
Exiled
0%
Extolled by House
0%
Faithful Blade
0%
Familial Kinslayer
0%
Famous Champion
0%
Flamboyant Trickster
0%
Follower
0%
Formidable Banneret
0%
Fortune Builder
0%
Frail
0%
Gallivanter
0%
Gallowsbait
0%
Gout Ridden
0%
Governor
0%
Great Pox
0%
Hashishiyah
0%
Heresiarch
0%
Historical Character
0%
Imbecile
0%
Impotent
0%
Improvident
0%
Inappetetic
0%
Indulgent Wastrel
0%
Insightful Thinker
0%
Inspector
0%
Irritable
0%
Knight-Errant
0%
Leper
0%
Lisping
0%
Living Legend
0%
Mastermind Philosopher
0%
Mayor Trainee
0%
Melancholic
0%
Mujahid
0%
Mystic
0%
Naive Appeaser
0%
One-Legged
0%
Open Terrain Expert
0%
Order Member
0%
Paragon
0%
Pneumonia
0%
Populist Leader
0%
Profligate
0%
Reaver
0%
Reclusive
0%
Reincarnation
0%
Republican Heir
0%
Saoshyant
0%
Scholarly
0%
Severely Injured
0%
Stuttering
0%
Supporter of the Caliphal Authority
0%
The Savior
0%
Thrifty Clerk
0%
Town Dweller
0%
Town Maven
0%
Twin
0%
Typhus
0%
Varangian
0%
Venerated Ancestor
0%
Violet Poet
0%
Virtuoso Arbitrator
0%
Warrior of the Faith
0%
Wheezing
0%
Wrathful
0%
No matching quizzes found
Score Distribution
Percent of People with Each Score
Percentile by Number Answered
Your Score History
You have not taken this quiz